000 00777nam a2200217 a 4500
001 000014869
005 20240422203111.0
008 100126m19992000ec 000 0 spa d
020 _a9978950419
040 _aDO-SdBNP
_bspa
_cBNPHU
082 _a303.6
_bB275p
100 1 _aBarriga López, Franklin,
_d1945-
_930052
245 1 0 _aProblemas comunes de américa /
_cFranklin Barriga López.
260 _aQuito :
_bGrupo de Observadores Latinoamericanos ;
_bInstituto Ecuatoriano de Estudios para las Relaciones Internacionales,
_c1999.
300 _a207 p. ;
_c22 cm.
490 1 _aProblemas del mundo contemporáneo
650 4 _aConflictos políticos
_933687
650 0 _aProblemas sociales
_99290
830 0 _aProblemas del mundo contemporáneo.
_933688
049 _aBNGR
999 _c14449
_d14449